000 00360nam a2200145Ia 4500
003 GCL
008 140319s9999 xx 000 0 ara d
040 _aGCL /
_cGCL
082 0 4 _a359.984
_bا ص
245 1 0 _aالضفادع البشرية
490 _a
650 0 4 _aالقوات البحرية
650 0 4 _aالضفادع البشرية
942 _2ddc
_cBK
999 _c40171
_d40171